| 000 | 01121cam a2200337 a 4500 | ||
|---|---|---|---|
| 001 | 12936592 | ||
| 003 | OSt | ||
| 005 | 20140310182705.0 | ||
| 008 | 020919s2004 njua 001 0 eng | ||
| 010 | _a 2002190814 | ||
| 020 | _a0131013599 | ||
| 040 |
_aDLC _cDLC _dDLC |
||
| 050 | 0 | 0 |
_aQA 152.3 _b.B649 2004 |
| 082 | 0 | 0 |
_aM 512.13 _bB61 2004 |
| 100 | 1 | _aBlitzer, Robert. | |
| 245 | 1 | 0 |
_aAlgebra & trigonometry / _cBlitzer, Robert |
| 246 | 3 | _aAlgebra and trigonometry | |
| 250 | _a2nd ed. | ||
| 260 |
_aUpper Saddle River, NJ : _bPrentice Hall, _cc2004. |
||
| 300 |
_a1 v. (various pagings) : _bill. (some col.) ; _c27 cm. |
||
| 500 | _aIncludes indexes. | ||
| 521 | _aCollege Students | ||
| 526 | _c1210L-1700L | ||
| 541 | _j1 | ||
| 562 | _eFor circulation. 1 copy available in the collection | ||
| 650 | 0 |
_aAlgebra _vTextbooks. |
|
| 650 | 0 |
_aTrigonometry _vTextbooks. |
|
| 906 |
_a7 _bcbc _corignew _d1 _eocip _f20 _gy-gencatlg |
||
| 942 |
_2lcc _cBK _kM |
||
| 999 |
_c15202 _d15202 |
||